[Event "COL-ch U14"]
[Site "Barranquilla"]
[Date "2024.04.13"]
[Round "4"]
[White "Castellanos Acero, Simon"]
[Black "Cardona Duque, Juan Esteban"]
[Result "1-0"]
[WhiteElo "1552"]
[BlackElo "1741"]
[PlyCount "83"]
[EventDate "2024.04.11"]
[EventType "swiss"]
[EventRounds "7"]
[EventCountry "COL"]
[SourceTitle "CB18_2024"]
[SourceDate "2024.05.01"]
[SourceVersion "1"]
[SourceVersionDate "2024.05.01"]
[SourceQuality "2"]

1. e4 c5 2. Nf3 e6 3. d4 cxd4 4. Nxd4 a6 5. Nc3 Qc7 6. a3 Nc6 7. Be3 Nf6 8. f3 b5 9. Qd2 Be7 10. 0-0-0 0-0 11. g4 b4 12. axb4 Bxb4 13. h4 d6 14. h5 Nxd4 15. Bxd4 e5 16. Be3 Be6 17. g5 Nd7 18. Bh3 Qa5 19. Qd3 Qa1+ 20. Nb1 Rfc8 21. Bxe6 fxe6 22. Qb3 Nc5 23. Qxb4 Rab8 24. Bxc5 Rxb4 25. Bxb4 Qa4 26. Bc3 Qc6 27. Na3 Qc5 28. Rd3 Rc6 29. Rhd1 Kf7 30. b4 Qb6 31. Kb1 Ke7 32. b5 axb5 33. Rxd6 Rxd6 34. Bb4 Kf7 35. Rxd6 Qg1+ 36. Kb2 Qxg5 37. Rd7+ Ke8 38. Re7+ Kd8 39. Nxb5 Qxh5 40. Na7 Qe8 41. Rxe8+ Kxe8 42. Nc6 1-0